I. Flux and color variations of the quadruply imaged quasar HE 0435-1223

Saved in:
Bibliographic Details
Other Authors: Ricci, Davide (Other) , Liebig, Christine (Other) , Wambsganß, Joachim (Other) , Zimmer, Fabian (Other) , Zub, Marta (Other)
Format: Article (Journal) Chapter/Article
Language:English
Published: 2011
In: Arxiv
Year: 2011, Pages: ?
Online Access:Verlag, kostenfrei, Volltext: http://arxiv.org/abs/1101.3664
Get full text
Author Notes:D. Ricci; J. Poels, A. Elyiv; F. Finet; P. G. Sprimont; T. Anguita; V. Bozza; P. Browne; M. Burgdorf; S. Calchi Novati; M. Dominik; S. Dreizler; M. Glitrup; F. Grundahl; K. Harpsøe; F. Hessman; T. C. Hinse; A. Hornstrup; M. Hundertmark; U. G. Jørgensen; C. Liebig; G. Maier; L. Mancini; G. Masi; M. Mathiasen; S. Rahvar; G. Scarpetta J. Skottfelt; C. Snodgrass; J. Southworth; J. Teuber; C. C. Thöne; J. Wambsganß; F. Zimmer; M. Zub; J. Surdej

MARC

LEADER 00000caa a22000002c 4500
001 1478329521
003 DE-627
005 20220811092058.0
007 cr uuu---uuuuu
008 140624s2011 xx |||||o 00| ||eng c
035 |a (DE-627)1478329521 
035 |a (DE-576)408329521 
035 |a (DE-599)BSZ408329521 
035 |a (OCoLC)1340642500 
040 |a DE-627  |b ger  |c DE-627  |e rakwb 
041 |a eng 
084 |a 29  |2 sdnb 
245 0 0 |a I. Flux and color variations of the quadruply imaged quasar HE 0435-1223  |c D. Ricci; J. Poels, A. Elyiv; F. Finet; P. G. Sprimont; T. Anguita; V. Bozza; P. Browne; M. Burgdorf; S. Calchi Novati; M. Dominik; S. Dreizler; M. Glitrup; F. Grundahl; K. Harpsøe; F. Hessman; T. C. Hinse; A. Hornstrup; M. Hundertmark; U. G. Jørgensen; C. Liebig; G. Maier; L. Mancini; G. Masi; M. Mathiasen; S. Rahvar; G. Scarpetta J. Skottfelt; C. Snodgrass; J. Southworth; J. Teuber; C. C. Thöne; J. Wambsganß; F. Zimmer; M. Zub; J. Surdej 
264 1 |c 2011 
300 |a 10 
336 |a Text  |b txt  |2 rdacontent 
337 |a Computermedien  |b c  |2 rdamedia 
338 |a Online-Ressource  |b cr  |2 rdacarrier 
500 |a Gesehen am 24.06.2014 
700 1 |a Ricci, Davide  |4 oth 
700 1 |a Liebig, Christine  |0 (DE-588)1052424198  |0 (DE-627)788476475  |0 (DE-576)310754933  |4 oth 
700 1 |a Wambsganß, Joachim  |d 1961-  |0 (DE-588)122246861  |0 (DE-627)081826931  |0 (DE-576)293172137  |4 oth 
700 1 |a Zimmer, Fabian  |0 (DE-588)105255881X  |0 (DE-627)788618814  |0 (DE-576)318180596  |4 oth 
700 1 |a Zub, Marta  |0 (DE-588)138293503  |0 (DE-627)601104870  |0 (DE-576)307052613  |4 oth 
773 0 8 |i In  |t Arxiv  |d Ithaca, NY : Cornell University, 1991  |g (2011), Seite ?  |h Online-Ressource  |w (DE-627)509006531  |w (DE-600)2225896-6  |w (DE-576)28130436X  |7 nnas  |a I. Flux and color variations of the quadruply imaged quasar HE 0435-1223 
773 1 8 |g year:2011  |g pages:?  |g extent:10  |a I. Flux and color variations of the quadruply imaged quasar HE 0435-1223 
856 4 0 |u http://arxiv.org/abs/1101.3664  |q application/pdf  |x Verlag  |z kostenfrei  |3 Volltext 
856 4 0 |u http://arxiv.org/abs/1101.3664  |x Verlag  |z kostenfrei  |3 Volltext 
951 |a AR 
992 |a 20140624 
993 |a Article 
998 |g 138293503  |a Zub, Marta  |m 138293503:Zub, Marta  |d 910000  |d 950000  |d 950950  |e 910000PZ138293503  |e 950000PZ138293503  |e 950950PZ138293503  |k 0/910000/  |k 1/910000/950000/  |k 2/910000/950000/950950/  |p 35 
998 |g 105255881X  |a Zimmer, Fabian  |m 105255881X:Zimmer, Fabian  |d 910000  |d 950000  |d 950950  |e 910000PZ105255881X  |e 950000PZ105255881X  |e 950950PZ105255881X  |k 0/910000/  |k 1/910000/950000/  |k 2/910000/950000/950950/  |p 34 
998 |g 122246861  |a Wambsganß, Joachim  |m 122246861:Wambsganß, Joachim  |d 700000  |d 714000  |d 714100  |e 700000PW122246861  |e 714000PW122246861  |e 714100PW122246861  |k 0/700000/  |k 1/700000/714000/  |k 2/700000/714000/714100/  |p 33 
998 |g 1052424198  |a Liebig, Christine  |m 1052424198:Liebig, Christine  |d 910000  |d 950000  |d 950950  |e 910000PL1052424198  |e 950000PL1052424198  |e 950950PL1052424198  |k 0/910000/  |k 1/910000/950000/  |k 2/910000/950000/950950/  |p 21 
999 |a KXP-PPN1478329521  |e 2803455544 
BIB |a Y 
JSO |a {"recId":"1478329521","relHost":[{"disp":"I. Flux and color variations of the quadruply imaged quasar HE 0435-1223Arxiv","part":{"pages":"?","year":"2011","extent":"10","text":"(2011), Seite ?"},"note":["Gesehen am 28.05.2024"],"language":["eng"],"titleAlt":[{"title":"Arxiv.org"},{"title":"Arxiv.org e-print archive"},{"title":"Arxiv e-print archive"},{"title":"De.arxiv.org"}],"id":{"zdb":["2225896-6"],"eki":["509006531"]},"origin":[{"dateIssuedKey":"1991","dateIssuedDisp":"1991-","publisher":"Cornell University ; Arxiv.org","publisherPlace":"Ithaca, NY ; [Erscheinungsort nicht ermittelbar]"}],"title":[{"title":"Arxiv","title_sort":"Arxiv"}],"recId":"509006531","pubHistory":["1991 -"],"physDesc":[{"extent":"Online-Ressource"}],"type":{"media":"Online-Ressource","bibl":"edited-book"}}],"physDesc":[{"extent":"10 S."}],"type":{"media":"Online-Ressource","bibl":"edited-book"},"id":{"eki":["1478329521"]},"note":["Gesehen am 24.06.2014"],"title":[{"title":"I. Flux and color variations of the quadruply imaged quasar HE 0435-1223","title_sort":"I. Flux and color variations of the quadruply imaged quasar HE 0435-1223"}],"language":["eng"],"origin":[{"dateIssuedDisp":"2011","dateIssuedKey":"2011"}],"name":{"displayForm":["D. Ricci; J. Poels, A. Elyiv; F. Finet; P. G. Sprimont; T. Anguita; V. Bozza; P. Browne; M. Burgdorf; S. Calchi Novati; M. Dominik; S. Dreizler; M. Glitrup; F. Grundahl; K. Harpsøe; F. Hessman; T. C. Hinse; A. Hornstrup; M. Hundertmark; U. G. Jørgensen; C. Liebig; G. Maier; L. Mancini; G. Masi; M. Mathiasen; S. Rahvar; G. Scarpetta J. Skottfelt; C. Snodgrass; J. Southworth; J. Teuber; C. C. Thöne; J. Wambsganß; F. Zimmer; M. Zub; J. Surdej"]},"person":[{"given":"Davide","display":"Ricci, Davide","family":"Ricci","role":"oth"},{"display":"Liebig, Christine","given":"Christine","family":"Liebig","role":"oth"},{"family":"Wambsganß","role":"oth","given":"Joachim","display":"Wambsganß, Joachim"},{"display":"Zimmer, Fabian","given":"Fabian","family":"Zimmer","role":"oth"},{"display":"Zub, Marta","given":"Marta","role":"oth","family":"Zub"}]} 
SRT |a IFLUXANDCO2011